000 00476nam a2200181Ia 4500
001 18335
005 20260306171623.0
008 260306s9999||||xx |||||||||||||| ||und||
041 _aESP
082 _a658.403
_bR84
100 _aRosenzweig, Phil
_eAUT
245 4 _aThe halo effect:
_b...and the eight other business delusions that deceive managers
260 _c2007
300 _a232 páginas :
_c21cm.
650 _aGEN
654 _aCAN
942 _cLIB
_dJUS
_fJUS
_2ddc
_n
999 _c18335
_d18335